Le macroscpoe : (Kayıt no. 10391)

MARC ayrıntıları
000 -BAŞLIK
Sabit Uzunluktaki Kontrol Alanı 00720nam a22002177a 4500
003 - KONTROL NUMARASI KİMLİĞİ
Kontrol Alanı KOHA_MİRAKIL
005 - EN SON İŞLEM TARİHİ ve ZAMANI
Kontrol Alanı 20260601115040.0
008 - SABİT UZUNLUKTAKİ VERİ ÖGELERİ - GENEL BİLGİ
Sabit Alan 260601b tu ||||| |||| 00| 0 tur d
040 ## - KATALOGLAMA KAYNAĞI
Özgün Kataloglama Kurumu TR-AnABB
Kataloglama Dili tur
Çeviri Kurumu TR-AnABB
041 ## - DİL KODU
Metin ya da ses kaydının dil kodu tur
082 ## - DEWEY ONU SINIFLAMA SİSTEMİ
Sınıflama Numarası 003.5
Cutter numarası JOE 1975
100 1# - KİŞİ ADI
Yazar Adı (Kişi adı) Rosnay, Joël de
245 13 - ESER ADI BİLDİRİMİ
Başlık Le macroscpoe :
Alt Eseradı vb. vers une vision globale /
Sorumluluk Bildirimi Joel de Rosnay
260 ## - YAYIN, DAĞITIM, VB.
Yayın Yeri Paris :
Yayınevi Editions du Seuil,
Yayın Tarihi 1975
300 ## - FİZİKSEL TANIMLAMA
Sayfa, Cilt vb. 350 sayfa ;
Boyutları 18 cm
500 ## - GENEL NOT
Genel Not Dizin vardır
500 ## - GENEL NOT
Genel Not Eser içerisinde Prof. Dr. Ruşen Keleş tarafından yapılan satır altı çizimleri ve vurgulamalar vardır.
650 04 - KONU BAŞLIĞI EK GİRİŞ - KONU TERİMİ
Konusal terim veya coğrafi ad Sistemler kuramı
650 04 - KONU BAŞLIĞI EK GİRİŞ - KONU TERİMİ
Konusal terim veya coğrafi ad Enerji politikaları
942 ## - EK GİRİŞ ÖGELERİ (KOHA)
Sınıflama Kaynağı Dewey Decimal Classification
Materyal Türü Kitap
900 ## - YEREL BİLGİ
Kontrol Can ÇELIK
Mevcut
Geri Çekilme Durumu Kayıp Durumu Sınıflandırma Kaynağı Kredi için değil Kalıcı Konum Mevcut Konum Kayıt Tarih Toplam Ödünçverme Yer Numarası Demirbaş Numarası Son Görülme Tarihi Fatura Tarihi Materyal Türü
    Dewey Decimal Classification   Prof. Dr. Ruşen Keleş Kütüphanesi Prof. Dr. Ruşen Keleş Kütüphanesi 01/06/2026   003.5 JOE 1975 RK7116 01/06/2026 01/06/2026 Kitap